00737cam a22002171 4500001000400000003000800004005001700012008004100029035001800070040003200088041000800120082001800128100002600146245007400172260003900246300004100285520011300326650003600439650001500475700002900490741BD-RjUL20211208233226.0131123b ilua j 000 0 eng  a(BD-RjUL) 761 aDLCcDLCdDLCdBD-RjULbeng aeng00a021bGRI 19601 aGreene, Carla,d1916-10aI want to be a librarian /cby Carla Green ;Illus. by Frances Eckart. aChicago :bChildrens Press,c1960. aVarioius pagings :billus. ;c25 cm. aAfter a visit to the library, June decides she would like to be a librarian and help people find good books. 0aLibrariesvJuvenile literature. 1aLibraries.1 aEckart, Frances,eillus.